[Event "WY U-16 Olympiad"]
[Site "Burdur TUR"]
[Date "2010.11.29"]
[Round "5"]
[White "Buyukasik,D"]
[Black "Atabayev,M"]
[Result "0-1"]
[WhiteElo "2045"]
[BlackElo "2342"]

1.d4 Nf6 2.Nf3 g6 3.g3 Bg7 4.Bg2 O-O 5.c4 d6 6.O-O Nc6 7.Nc3 a6 8.Qc2 Rb8
9.a4 Bf5 10.e4 Bg4 11.Be3 Nd7 12.Rad1 e5 13.d5 Nd4 14.Bxd4 exd4 15.Ne2 d3
16.Rxd3 Nc5 17.Re3 Qd7 18.b3 Bh6 19.Rc3 Rbe8 20.Nfd4 Bxe2 21.Nxe2 f5 22.exf5 Qxf5
23.Qd1 Qh5 24.Nd4 Qxd1 25.Rxd1 Bg7 26.Kf1 Rf7 27.a5 Rfe7 28.Bh3 Re4 29.Re3 Bxd4
30.Rxd4 Rxe3 31.fxe3 Nxb3 32.Rd3 Nxa5 33.Be6+ Kg7 34.Rc3 b6 35.Ke2 Nb7 36.Bh3 Nc5
37.Bg2 a5 38.Ra3 Nd7 39.Ra4 Ne5 40.h3 Kf6 41.Bh1 Rf8 42.Bg2 Nd7 43.Ra1 Ke5
44.Ra3 Nc5 45.Bf3 a4 46.Ra2 Rb8  0-1

[Event "XXIII Belgrade Trophy"]
[Site "Obrenovac SRB"]
[Date "2010.11.29"]
[Round "6.12"]
[White "Blagojevic,Dr"]
[Black "Indjic,A"]
[Result "1-0"]
[WhiteElo "2482"]
[BlackElo "2249"]

1.d4 d6 2.g3 g6 3.Nf3 Bg7 4.Bg2 Nf6 5.c4 O-O 6.O-O Nbd7 7.Nc3 e5 8.e4 Re8
9.h3 exd4 10.Nxd4 Nc5 11.Re1 a5 12.b3 Nfd7 13.Be3 Ne5 14.Re2 a4 15.Rb1 axb3
16.axb3 Na6 17.f4 Nd7 18.Bf2 Nb4 19.Nd5 Nxd5 20.cxd5 Nc5 21.b4 Na4 22.Rc1 Bd7
23.Rec2 Rc8 24.Qd3 f5 25.Ne6 fxe4 26.Bxe4 Qe7 27.f5 c6 28.dxc6 bxc6 29.Bxc6 Nc5
30.Rxc5 Bxe6 31.Bd5 dxc5 32.Bxe6+ Kh8 33.Bxc8 Rxc8 34.bxc5 gxf5 35.Qxf5 Rf8
36.Qg4 Qf6 37.Rc2 Qc6 38.Re2 Rd8 39.Qe4 Qxe4 40.Rxe4 Kg8 41.Kg2 Kf7 42.c6 Rc8
43.Rc4 Ke6 44.c7 Be5 45.Bb6 Kd5 46.Rc2 Ke4 47.Rd2 Rg8 48.g4 Ra8 49.Rd8 Ra2+
50.Kf1 Ra1+ 51.Ke2 Ra2+ 52.Rd2 Ra8 53.Rc2 Rc8 54.Rc4+ Kd5 55.Kd3 Kd6 56.Ke4 Bh2
57.Rc2 Bg3 58.Rd2+ Kc6 59.Rd8 Kb7 60.Kf5  1-0

[Event "TCh-CZE 2010-11"]
[Site "Czech Rep CZE"]
[Date "2010.12.04"]
[Round "3.2"]
[White "Laznicka,V"]
[Black "Antoniewski,R"]
[Result "1-0"]
[WhiteElo "2688"]
[BlackElo "2604"]

1.d4 Nf6 2.c4 g6 3.Nf3 Bg7 4.g3 O-O 5.Bg2 d6 6.O-O Nc6 7.Nc3 Bf5 8.d5 Na5
9.Nd2 c5 10.e4 Bd7 11.Qc2 a6 12.b3 b5 13.Bb2 Rb8 14.Rab1 e5 15.Ne2 Nh5 16.f4 bxc4
17.bxc4 f5 18.fxe5 dxe5 19.Rbe1 Ba4 20.Qc3 Nb7 21.Qa3 Bd7 22.exf5 gxf5 23.Nc1 Qc7
24.Bf3 Be8 25.Qxa6 e4 26.Bxg7 Nxg7 27.Bg2 Nd6 28.Ncb3 Rb4 29.Qa5 Qxa5 30.Nxa5 Ra4
31.Ndb3 Rf7 32.g4 Ra7 33.Nc6 Bxc6 34.dxc6 Rxc4 35.Rd1 Nge8 36.gxf5 Rxa2 37.f6 Kf7
38.Rd5 Rcc2 39.Bh1 c4 40.Nc5 Ra5 41.Re5 Nxf6 42.c7 Rca2 43.Nxe4 Rxe5 44.Rxf6+ Ke7
45.Rxd6 Ra8 46.Rc6 Kd7 47.Rxc4 Rc8 48.Nf6+ Kd6 49.Rc6+ Ke7 50.Nd5+ Rxd5 51.Bxd5 Kd7
52.Rh6 Rxc7 53.Be4 Ke8 54.Bxh7 Kf8 55.Bd3 Rc3 56.Rd6  1-0

[Event "TCh-HUN 2010-11"]
[Site "Budapest HUN"]
[Date "2010.12.05"]
[Round "4"]
[White "Ruck,R1"]
[Black "Szuk,B"]
[Result "1-0"]
[WhiteElo "2555"]
[BlackElo "2403"]

1.Nf3 Nf6 2.c4 g6 3.d4 Bg7 4.g3 d6 5.Bg2 O-O 6.O-O c6 7.Nc3 Qa5 8.e4 Qh5
9.e5 dxe5 10.Nxe5 Qxd1 11.Rxd1 Nbd7 12.f4 Nxe5 13.fxe5 Nd7 14.c5 Re8 15.b4 a6
16.Bf4 Nf8 17.d5 cxd5 18.Nxd5 Ne6 19.Nb6 Rb8 20.Nxc8 Rexc8 21.Rd7 g5 22.Be3 Bxe5
23.Rad1 Rd8 24.Bh3 Rxd7 25.Rxd7 Bf6 26.Kf2 Kf8 27.Bxe6 fxe6 28.Kf3 Ke8 29.Rd3 Rd8
30.Rxd8+ Kxd8 31.a4 h5 32.g4 hxg4+ 33.Kxg4 Kd7 34.b5 axb5 35.axb5 Kd8 36.h3 Kd7
37.Bf2 Kd8 38.Bg1 Kd7 39.Be3 Kd8 40.Kh5 Kd7 41.Kg6 Kd8 42.Bxg5 Bd4 43.Kf7 Bxc5
44.Kxe6 Kc7 45.Bxe7 Be3 46.h4 Kb6 47.Bg5 Bd4 48.h5  1-0

[Event "Frauenbundesliga 1st Div 2010-11"]
[Site "Germany GER"]
[Date "2010.12.05"]
[Round "4.3"]
[White "Ulms,S"]
[Black "Pfau,B"]
[Result "1-0"]
[WhiteElo "2174"]
[BlackElo "2106"]

1.d4 d6 2.Nf3 g6 3.g3 Bg7 4.Bg2 Nf6 5.c4 O-O 6.Nc3 Nbd7 7.O-O e5 8.h3 c6
9.dxe5 Nxe5 10.Nxe5 dxe5 11.Be3 Be6 12.Qa4 Qc7 13.Rad1 Nd7 14.c5 f5 15.f4 exf4
16.gxf4 Rfe8 17.Bd4 Bf8 18.b4 a5 19.b5 Nxc5 20.Qc2 Nd7 21.bxc6 bxc6 22.Nb5 Qc8
23.Bxc6 Ra6 24.Rc1 Rxc6 25.Qxc6 Qxc6 26.Rxc6 Bxa2 27.Ra1 Nb8 28.Rb6 Nd7 29.Rc6 Nb8
30.Rcc1 Bb3 31.Rxa5 Rxe2 32.Rc8 Nd7 33.Ra7 Be6 34.Rcc7 Re1+ 35.Kf2 Re4 36.Kg3 Bd6
37.Nxd6 Rxd4 38.Rxd7 Rd3+ 39.Kh4 Bxd7 40.Rxd7 Kf8 41.Kg5  1-0

[Event "TCh-HUN 2010-11"]
[Site "Zalaegerszeg HUN"]
[Date "2010.12.05"]
[Round "4"]
[White "Almasi,I"]
[Black "Dobos,J"]
[Result "1/2-1/2"]
[WhiteElo "2397"]
[BlackElo "2274"]

1.d4 Nf6 2.Nf3 g6 3.c4 Bg7 4.g3 O-O 5.Bg2 d6 6.O-O Nc6 7.Nc3 a6 8.Bd2 e5
9.dxe5 dxe5 10.Bg5 Qe8 11.Be3 Kh8 12.Bc5 Rg8 13.Nd5 Nxd5 14.cxd5 Nd8 15.e4 Bg4
16.h3 Bd7 17.Rc1 f6 18.Qb3 Rc8 19.Rfe1 Bf8 20.Nd2 b5 21.Qa3 Bxc5 22.Qxc5 Qf8
23.Nb3 Qd6 24.Qxd6 cxd6 25.Rxc8 Bxc8 26.Rc1 Bd7 27.Rc7 Rg7 28.h4 Bg4 29.Rc3 Ra7
30.Na5 Bd7 31.Kh2 Kg7 32.Bh3 f5 33.exf5 gxf5 34.Nc6 Bxc6 35.dxc6 Rc7 36.Bxf5  1/2-1/2

[Event "48th ch-IND"]
[Site "New Delhi IND"]
[Date "2010.12.11"]
[Round "3"]
[White "Navin,K"]
[Black "Rajesh,VA"]
[Result "0-1"]
[WhiteElo "2369"]
[BlackElo "2295"]

1.d4 Nf6 2.c4 g6 3.Nf3 Bg7 4.g3 d6 5.Bg2 O-O 6.Nc3 c6 7.O-O Nbd7 8.e4 e5
9.h3 exd4 10.Nxd4 Re8 11.Re1 Nc5 12.Nb3 Be6 13.Nxc5 dxc5 14.Qe2 Nd7 15.Bd2 Ne5
16.b3 Bxh3 17.Bxh3 Qxd2 18.Rac1 Qxe2 19.Rxe2 Nf3+ 20.Kg2 Ng5 21.Na4 Rxe4
22.Rxe4 Nxe4 23.f3 Ng5 24.Nxc5 Rd8 25.Rc2 b6 26.Ne4 Nxh3 27.Kxh3 f5 28.Nf2 Bf8
29.g4 Kf7 30.gxf5 gxf5 31.Nh1 Rd3 32.Kg2 Bh6 33.Ng3 Kf6 34.Nf1 Bf4 35.Re2 h5
36.Re8 Rc3 37.Ng3 h4 38.Ne2 Rc2 39.Kf1 Be5 40.f4 Bd6 41.Rh8 Rxa2 42.Rh6+ Ke7
43.Rxh4 Bc5 44.Ng3 Rf2+ 45.Ke1 Rf3 46.Rh7+ Kf8 47.Ne2 a5 48.Rh5 Rxb3 49.Rxf5+ Ke7
50.Re5+ Kd6 51.Kd2 a4 52.Kc2 Rf3 53.Re8 a3 54.Ra8 Kc7 55.Rh8 Bb4 56.Rh7+ Kc8
57.Rh8+ Kb7 58.Rh7+ Ka6 59.Rh8 Be7 60.Rg8 Bf6 61.Nc1 Kb7 62.Na2 Rxf4 63.Kb3 Rf3+
64.Ka4 Bd4 65.Nb4 Bc5 66.Rg7+ Kc8 67.Rg8+ Kd7 68.Rg7+ Ke8 69.Na2 Rf2 70.Nc3 a2
71.Rg1 Bd4 72.Re1+ Kf8  0-1

[Event "II Duchamp GM"]
[Site "Buenos Aires ARG"]
[Date "2010.12.15"]
[Round "5"]
[White "Ricardi,P"]
[Black "Flores,Di"]
[Result "1/2-1/2"]
[WhiteElo "2517"]
[BlackElo "2608"]

1.g3 g6 2.Bg2 Bg7 3.d4 Nf6 4.Nf3 O-O 5.c4 d6 6.O-O Nbd7 7.Nc3 e5 8.h3 c6
9.e4 exd4 10.Nxd4 Re8 11.Re1 Qa5 12.Be3 Ne5 13.Bf1 Be6 14.Nxe6 Rxe6 15.f4 Nxe4
16.fxe5 Nxg3 17.exd6 Rxe3 18.Rxe3 Qc5 19.Qd3 Nf5 20.Re1 Bd4 21.Nd1 Rd8 22.Kh1 Nxe3
23.Nxe3 Rxd6 24.b4 Qxb4 25.Nc2 Qc3 26.Re8+ Kg7 27.Qe4 Bf6 28.Ne3 Bg5 29.Qf3 Qa1
30.Ng4 h5 31.Nh2 Rf6 32.Qg2 Bf4 33.Nf3 Bd6 34.Qe2 Bc5 35.Kg2 Qc3 36.Qe4 Qa3
37.Be2 Qxa2 38.Qe5 Bd6 39.Qd4 Qa3 40.Rg8+ Kxg8 41.Qxf6 Be7 42.Qd4 Bc5 43.Qe5 Qe3
44.Qxe3 Bxe3 45.Ne5 Bd4 46.Nd3 Kg7 47.Kf3 f5 48.Bd1 g5 49.Kg2 h4 50.Kf3 Kf6
51.Bc2 Ke6 52.Nc1 Ke5 53.Nd3+ Kd6 54.Nc1 Kc5 55.Bxf5 Kxc4 56.Be6+ Kb4 57.Ke4 c5
58.Kd5 b5 59.Bd7 Be3 60.Nd3+ Kc3 61.Bxb5 a5 62.Ne5 Kb4 63.Bd7 a4 64.Ke4 a3
65.Be6 Bd4 66.Nf3 Kc3 67.Ba2 Kb2 68.Bc4 Bf6 69.Kd5 Be7 70.Nxg5 a2 71.Bxa2 Kxa2
72.Ne4 Kb3 73.Nxc5+ Bxc5 74.Kxc5 Kc3 75.Kd5 Kd3 76.Ke5 Ke3 77.Kd5 Kf3 78.Kd4  1/2-1/2

[Event "Moscow Teams"]
[Site "Moscow RUS"]
[Date "2010.12.15"]
[Round "5"]
[White "Gagarin,V"]
[Black "Krylov,M RUS"]
[Result "1/2-1/2"]
[WhiteElo "2435"]
[BlackElo "2516"]

1.d4 Nf6 2.c4 g6 3.Nf3 Bg7 4.g3 O-O 5.Bg2 d6 6.O-O Nc6 7.Nc3 a6 8.Qd3 Bf5
9.e4 Bg4 10.d5 Bxf3 11.Qxf3 Nd4 12.Qd1 c5 13.dxc6 Nxc6 14.Bd2 Nd7 15.Rb1 Nde5
16.b3 Nd4 17.Nd5 e6 18.Nf4 b5 19.Be3 Nec6 20.Rc1 Rc8 21.Ne2 e5 22.Bh3 Rc7
23.f4 Nxe2+ 24.Qxe2 Nd4 25.Bxd4 exd4 26.cxb5 Rxc1 27.Rxc1 Qb6 28.Qd3  1/2-1/2

[Event "29th European Blitz"]
[Site "Warsaw POL"]
[Date "2010.12.17"]
[Round "7"]
[White "Tkachiev,V"]
[Black "Inarkiev,E"]
[Result "1-0"]
[WhiteElo "2636"]
[BlackElo "2667"]

1.d4 Nf6 2.c4 g6 3.Nf3 Bg7 4.g3 O-O 5.Bg2 d6 6.O-O Nc6 7.Nc3 Rb8 8.b3 a6
9.Nd5 Nh5 10.Bb2 e6 11.Nc3 b5 12.Rb1 Bd7 13.e3 f5 14.d5 Ne7 15.dxe6 Bxe6
16.cxb5 axb5 17.b4 Nf6 18.a3 Qd7 19.Qc2 Ned5 20.Ng5 Nxc3 21.Nxe6 Qxe6 22.Bxc3 Rf7
23.Bxf6 Rxf6 24.Qxc7 Qc8 25.Qa7 Qe8 26.Rfc1 Rc8 27.Bb7 Rxc1+ 28.Rxc1 Rf8
29.Bd5+ Kh8 30.Qb7 g5 31.Rc7 Qe5 32.Re7 Qa1+ 33.Kg2 f4 34.exf4 gxf4 35.Qxb5 Qf6
36.Qe2 Qc3 37.Re8 Qf6 38.Rxf8+ Qxf8 39.a4 fxg3 40.hxg3 Bd4 41.a5 Qf6 42.b5 Qf5
43.Qe8+ Kg7 44.Qe7+ Kh8 45.Qe8+ Kg7  1-0

[Event "I Jorge Duarte IM"]
[Site "Buenos Aires ARG"]
[Date "2010.12.18"]
[Round "8"]
[White "Varela,G"]
[Black "Filion,C"]
[Result "1-0"]
[WhiteElo "2389"]
[BlackElo "2232"]

1.d4 Nf6 2.Nf3 g6 3.c4 Bg7 4.g3 O-O 5.Bg2 d6 6.O-O Nc6 7.d5 Na5 8.Qa4 c5
9.Bd2 b6 10.Bc3 Bd7 11.Qc2 b5 12.cxb5 Bxb5 13.Na3 a6 14.Rfd1 Nd7 15.Bxg7 Kxg7
16.e4 Kg8 17.Qd2 Ne5 18.Nxe5 dxe5 19.Rac1 c4 20.f4 exf4 21.gxf4 e5 22.f5 gxf5
23.exf5 Qb6+ 24.Kh1 f6 25.Nxb5 axb5 26.d6 Rad8 27.Rc3 Kh8 28.Qd5 Rd7 29.Qe6 Rg7
30.Rg3 Rxg3 31.hxg3 Qe3 32.d7 Qh6+ 33.Kg1 Qe3+ 34.Kf1  1-0

[Event "European Rapid Championship"]
[Site "Warsaw POL"]
[Date "2010.12.18"]
[Round "2"]
[White "Gajewski,G"]
[Black "Korchagina,V"]
[Result "1-0"]
[WhiteElo "2555"]
[BlackElo "2139"]

1.d4 Nf6 2.c4 g6 3.Nf3 Bg7 4.g3 O-O 5.Bg2 d6 6.Nc3 Nbd7 7.O-O e5 8.e4 a6
9.Qc2 c6 10.Rd1 Qe7 11.h3 b5 12.Be3 b4 13.Na4 exd4 14.Nxd4 Bb7 15.c5 Nxc5
16.Nxc5 dxc5 17.Nb3 c4 18.Qxc4 Nd7 19.Nc5 Ne5 20.Qxb4 Rab8 21.f4 a5 22.Qa4 Bh6
23.Bf2 f6 24.fxe5 fxe5 25.Qc4+ Kh8 26.Qe6 Qxe6 27.Nxe6 Rf6 28.Ba7 Re8 29.Nc7 Rc8
30.Rd7 c5 31.Nd5 Bxd5 32.exd5 Be3+ 33.Kh1 Bd4 34.Rf1 Rxf1+ 35.Bxf1 Bxb2 36.d6 Rf8
37.Bc4 Bd4 38.Rf7 Rxf7 39.Bxf7 e4 40.d7 Bf6 41.Bxc5  1-0

[Event "European Rapid Championship"]
[Site "Warsaw POL"]
[Date "2010.12.18"]
[Round "6"]
[White "Tregubov,P"]
[Black "Kovalev,Vl"]
[Result "1/2-1/2"]
[WhiteElo "2598"]
[BlackElo "2355"]

1.d4 Nf6 2.Nf3 g6 3.c4 Bg7 4.g3 O-O 5.Bg2 d6 6.O-O c6 7.Nc3 Qa5 8.e4 Bg4
9.h3 Bxf3 10.Bxf3 Nfd7 11.Rb1 c5 12.d5 Na6 13.a3 Qd8 14.Bg2 Nc7 15.Bd2 Rb8
16.Qe2 a6 17.b4 e6 18.Rfc1 Qe7 19.Qf1 b6 20.h4 e5 21.Bh3 f5 22.exf5 gxf5
23.Re1 Qf7 24.Kh2 e4 25.f3 Ne5 26.fxe4 Qh5 27.Kh1 Qf3+ 28.Bg2 Qxf1+ 29.Rxf1 Nxc4
30.Be1 Nxa3 31.Rb3 Nc2 32.bxc5 bxc5 33.Rxb8 Rxb8 34.Bd2 Bxc3 35.Bxc3 Ne3
36.Rf3 Nxg2 37.exf5 Nxd5 38.Kxg2 Kf7 39.g4 Nxc3 40.Rxc3 Rb4 41.Kg3 a5 42.Rd3 Rd4
43.Rb3 Rb4 44.Rd3 Rd4 45.Rb3 Rb4 46.Rd3 Rd4 47.Rb3 Kf6 48.Re3 a4 49.Re8 a3
50.Rf8+ Ke5 51.Re8+ Kf6 52.Rf8+ Ke5 53.Re8+ Kf6 54.Rf8+ Ke5 55.Re8+ Kf6 56.Rf8+ Kg7
57.Ra8 Rd3+ 58.Kf4 c4 59.Ra7+ Kf8  1/2-1/2

[Event "European Rapid Championship"]
[Site "Warsaw POL"]
[Date "2010.12.18"]
[Round "7"]
[White "Nedilko,V"]
[Black "Dziuba,M"]
[Result "1-0"]
[WhiteElo "2413"]
[BlackElo "2584"]

1.d4 Nf6 2.c4 g6 3.Nf3 Bg7 4.g3 O-O 5.Bg2 d6 6.Nc3 Nc6 7.O-O Bf5 8.Ne1 a6
9.e4 Bd7 10.Nc2 Rb8 11.Rb1 Na5 12.Qe2 e5 13.d5 c5 14.b4 cxb4 15.Rxb4 Qc7
16.Bd2 Rfc8 17.Na3 Be8 18.Rfb1 Nd7 19.Bh3 Nc5 20.Bxc8 Rxc8 21.Nd1 Nd7 22.Ne3 b6
23.f3 Nb7 24.Kg2 Nbc5 25.Rc1 h5 26.Nb1 Nf6 27.Nc3 h4 28.Rcb1 Rb8 29.Be1 Bd7
30.a4 a5 31.Nb5 Qd8 32.R4b2 Nxa4 33.Ra2 Bxb5 34.Rxb5 Nc5 35.Rab2 Nfd7 36.Nc2 f5
37.Bf2 Kh7 38.Ne1 Na4 39.R2b3 Nac5 40.Rb1 Qg5 41.Nd3 Rf8 42.Nxc5 dxc5 43.Rxb6 Nxb6
44.Rxb6 Ra8 45.Bxc5 a4 46.Ba3 Qh5 47.c5 h3+ 48.Kf2 Qg5 49.exf5 gxf5 50.c6 e4
51.f4 Qg6 52.Rb7  1-0

[Event "European Rapid Championship"]
[Site "Warsaw POL"]
[Date "2010.12.19"]
[Round "12"]
[White "Grabarczyk,M"]
[Black "Cherednichenko,S"]
[Result "1-0"]
[WhiteElo "2438"]
[BlackElo "2260"]

1.d4 Nf6 2.c4 g6 3.Nf3 Bg7 4.g3 O-O 5.Bg2 d6 6.Nc3 Nc6 7.O-O a6 8.Bf4 Rb8
9.Rc1 Nh5 10.Be3 f5 11.d5 Ne5 12.b3 c5 13.dxc6 bxc6 14.Nxe5 Bxe5 15.Bxc6 f4
16.Bd4 fxg3 17.hxg3 Bh3 18.Bxe5 dxe5 19.Qxd8 Rfxd8 20.Rfd1 Rd6 21.Rxd6 exd6
22.Rd1 Rd8 23.c5 Nf6 24.Rxd6 Rxd6 25.cxd6 Kf7 26.Nd5 Nxd5 27.Bxd5+ Ke8 28.b4 Kd7
29.Bc4 a5 30.bxa5 Kxd6 31.a6 Kc7 32.f4 exf4 33.gxf4 h5 34.e4 h4 35.Bd3 Be6
36.a3 Kb6 37.e5 Bf7 38.Kh2  1-0

[Event "European Rapid Championship"]
[Site "Warsaw POL"]
[Date "2010.12.19"]
[Round "12"]
[White "Gajewski,G"]
[Black "Kovalev,Vl"]
[Result "1-0"]
[WhiteElo "2555"]
[BlackElo "2355"]

1.d4 Nf6 2.c4 g6 3.Nf3 Bg7 4.g3 O-O 5.Bg2 d6 6.Nc3 c6 7.O-O Qa5 8.e4 Bg4
9.h3 Bxf3 10.Bxf3 Nfd7 11.Rb1 c5 12.d5 Qb4 13.Bg5 f6 14.Bd2 Ne5 15.Be2 Qa5
16.f4 Ned7 17.f5 Ne5 18.h4 Qd8 19.Kg2 Nbd7 20.fxg6 hxg6 21.h5 g5 22.Bg4 Nxg4
23.Qxg4 Ne5 24.Qe6+ Rf7 25.h6 Bxh6 26.Rh1 Kg7 27.Nd1 Qd7 28.Ne3 Rh8 29.Bc3 Qe8
30.Nf5+ Kg6 31.Bxe5 dxe5 32.Nxh6 Rfh7 33.Nf5 Qa4 34.Ne3 Qxa2 35.Rxh7 Rxh7
36.Qg8+ Rg7 37.Qe8+ Rf7 38.Nf5  1-0

[Event "North American Open"]
[Site "Las Vegas USA"]
[Date "2010.12.27"]
[Round "3"]
[White "Wang,Ph"]
[Black "Perepelitsky,E"]
[Result "1-0"]
[WhiteElo "2317"]
[BlackElo "2153"]

1.d4 Nf6 2.c4 g6 3.Nf3 Bg7 4.g3 O-O 5.Bg2 d6 6.O-O Nc6 7.Nc3 e5 8.d5 Ne7
9.c5 Ne8 10.cxd6 Nxd6 11.Qb3 h6 12.Rd1 b6 13.a4 a5 14.Nd2 Nef5 15.e3 Ba6
16.Qc2 Re8 17.Nde4 Bf8 18.b3 Nxe4 19.Nxe4 Nd6 20.Bb2 Nxe4 21.Bxe4 f5 22.Bg2 Ra7
23.e4 Bc8 24.exf5 gxf5 25.Re1 Bg7 26.Rad1 Qd6 27.Qc3 Re7 28.Qc1 Rd7 29.Ba3 Qg6
30.Qc6 Qxc6 31.dxc6 Rxd1 32.Rxd1 Be6 33.Bd5 Bxd5 34.Rxd5 Ra8 35.Rd7 Rc8 36.Kg2 e4
37.Kh3 Be5 38.Be7 Re8 39.Bd8 Kf8 40.Bxc7 Bxc7 41.Rxc7 Re6 42.Kh4 Ke8 43.Rc8+ Ke7
44.Kh5 Kd6 45.Rh8 e3 46.fxe3 Rxe3 47.Rxh6+ Kc7 48.Kg5 Rxb3 49.Kxf5 b5 50.axb5 Rxb5+
51.Ke4 a4 52.Kd3 a3 53.Rh7+ Kxc6 54.Ra7 Rb2 55.Rxa3 Rxh2 56.Ke4 Kd6 57.Kf5 Ke7
58.Kg6 Rg2 59.Rf3 Rg1 60.Kg5 Ke6 61.g4 Rd1 62.Kg6 Ke7 63.g5 Rd8 64.Kg7 Rd1
65.Re3+ Kd7 66.g6 Rg1 67.Kf7 Rf1+ 68.Kg8 Rg1 69.g7 Rh1 70.Re4 Rh2 71.Kf7 Rf2+
72.Kg6 Rg2+ 73.Kf6 Kd8 74.Re5 Rf2+ 75.Rf5 Rg2 76.Kf7  1-0

[Event "North American Open"]
[Site "Las Vegas USA"]
[Date "2010.12.28"]
[Round "5"]
[White "Wang,Ph"]
[Black "Rubsamen,C"]
[Result "1/2-1/2"]
[WhiteElo "2317"]
[BlackElo "2233"]

1.d4 Nf6 2.c4 g6 3.Nf3 Bg7 4.g3 O-O 5.Bg2 d6 6.O-O Nc6 7.Nc3 Bf5 8.Ne1 Qd7
9.e4 Bh3 10.f3 Bxg2 11.Kxg2 e5 12.d5 Ne7 13.Nd3 Ne8 14.c5 c6 15.cxd6 Nxd6
16.Qb3 cxd5 17.Nxd5 Nxd5 18.Qxd5 Qb5 19.Qxb5 Nxb5 20.Be3 Nd4 21.Bxd4 exd4
22.Rac1 f5 23.e5 Rfc8 24.f4 Kf7 25.Nc5 b6 26.Nb3 d3 27.Kf3 Bf8 28.Ke3 Rc2
29.Rxc2 dxc2 30.Rc1 Rc8 31.Kd3 g5 32.Nd4 gxf4 33.gxf4 Bh6 34.Ne2 Rd8+ 35.Kxc2 Ke6
36.Rf1 Rd5 37.Kc3 Rc5+ 38.Kd3 Rd5+ 39.Nd4+ Kd7 40.Ke3 Rxe5+ 41.Kd3 Rd5 42.Ke3 Bg7
43.Rd1 Bxd4+ 44.Rxd4 Kd6 45.b4  1/2-1/2

[Event "Rilton Cup 2010-11"]
[Site "Stockholm SWE"]
[Date "2010.12.28"]
[Round "2"]
[White "Olander,A"]
[Black "Forsberg,V"]
[Result "1/2-1/2"]
[WhiteElo "1990"]
[BlackElo "2255"]

1.d4 Nf6 2.c4 g6 3.g3 Bg7 4.Bg2 O-O 5.Nf3 d6 6.Nc3 c6 7.O-O Qa5 8.d5 cxd5
9.cxd5 Bg4 10.Nd4 Na6 11.h3 Bd7 12.e4 Rfc8 13.Be3 Be8 14.Nb3 Qd8 15.Bd4 Nd7
16.Bxg7 Kxg7 17.f4 Qb6+ 18.Kh2 Nac5 19.Nxc5 Qxc5 20.e5 Qb4 21.exd6 Qxb2 22.Rf3 exd6
23.Rb1 Qa3 24.Rxb7 Qa6 25.Rb4 Qa5 26.Rb5 Qd8 27.Re3 Nc5 28.Rb2 Qf6 29.Rbe2 Bd7
30.Ne4 Nxe4 31.Rxe4 Re8 32.Rxe8 Rxe8 33.Rxe8 Bxe8 34.Qe2 Qd8 35.Qb2+ Kg8
36.f5 gxf5 37.Qf2 Qd7 38.Bf1 f6 39.Bd3 Bg6 40.h4 h5 41.Qd4 Kg7 42.a4 f4 43.Bxg6 fxg3+
44.Kxg3 Kxg6 45.a5 Qe7 46.Kf3 Qd7 47.Kg3 Kg7 48.a6 Qe7  1/2-1/2

[Event "WSB Masters GM"]
[Site "Wroclaw POL"]
[Date "2010.12.28"]
[Round "2"]
[White "Baryshpolets,A"]
[Black "Talla,V"]
[Result "1-0"]
[WhiteElo "2474"]
[BlackElo "2452"]

1.d4 Nf6 2.c4 g6 3.Nf3 Bg7 4.g3 O-O 5.Bg2 d6 6.O-O Nc6 7.Nc3 a6 8.d5 Na5
9.Nd2 c5 10.Qc2 Rb8 11.b3 b5 12.Bb2 e5 13.Rae1 Bf5 14.e4 Bd7 15.Nd1 Nh5 16.Bc3 Bh6
17.Qd3 f6 18.f3 b4 19.Bb2 Nb7 20.Nf2 Qe8 21.Qe2 f5 22.exf5 gxf5 23.Nh3 Qg6
24.Kh1 Rbe8 25.Rg1 Bg7 26.Qd1 Kh8 27.Bf1 Qh6 28.Bc1 Qg6 29.Bd3 e4 30.Nf4 Nxf4
31.gxf4 exd3 32.Rxg6 hxg6 33.Nf1 Rxe1 34.Qxe1 Re8 35.Be3 a5 36.Qd1 Kg8 37.Qxd3 Kf7
38.Qc2 a4 39.bxa4 Ra8 40.Bc1 Rxa4 41.Nd2 Ra8 42.Kg2 Re8 43.Kf1 Nd8 44.Bb2 Bh6
45.Kf2 Bxf4 46.Nf1 Kf8 47.a3 bxa3 48.Bxa3 Nf7 49.Bc1 Be5 50.f4 Bf6 51.Bb2 Nh6
52.Ne3 Ng8 53.Kf3 Rb8 54.Bxf6 Nxf6 55.Nd1 Ne4 56.Kg2 Kf7 57.Nf2 Nxf2 58.Kxf2 Rh8
59.Kg3 Re8 60.Qc3 Ra8 61.h3  1-0

[Event "North American Open"]
[Site "Las Vegas USA"]
[Date "2010.12.29"]
[Round "7"]
[White "Eckert,D"]
[Black "Yanayt,E"]
[Result "1-0"]
[WhiteElo "2232"]
[BlackElo "2212"]

1.d4 Nf6 2.c4 g6 3.g3 Bg7 4.Bg2 O-O 5.Nf3 d6 6.Nc3 c5 7.d5 Na6 8.O-O Rb8
9.h3 Nc7 10.a4 b6 11.e4 a6 12.Qe2 Bd7 13.e5 Nfe8 14.Bf4 b5 15.axb5 axb5 16.b3 bxc4
17.bxc4 Rb3 18.Ne4 Bf5 19.Rac1 Na6 20.g4 Bc8 21.Rb1 Rxb1 22.Rxb1 Nb4 23.Re1 Ba6
24.exd6 exd6 25.Bg5 f6 26.Bd2 Nc7 27.Bxb4 cxb4 28.Qc2 f5 29.Neg5 Qb8 30.Qb3 fxg4
31.hxg4 Rf4 32.c5 Bc4 33.Qe3 Rf6 34.cxd6 Rxd6 35.Qe7 Rxd5 36.Ne5 Rxe5 37.Rxe5 h6
38.Rc5 Qa7 39.Qd8+ Bf8 40.Rxc7 Qa1+ 41.Kh2 Qe5+ 42.Kh3 hxg5 43.Rxc4 Qh8+
44.Kg3 Qe5+ 45.Kf3 b3 46.Re4 Qc3+ 47.Re3 Qc4 48.Qd3 Qc6+ 49.Qe4 Qf6+ 50.Ke2 b2
51.Rb3 Qa6+ 52.Qd3 Qe6+ 53.Kf1 Qf6 54.Bd5+ Kh8 55.Rb7 Be7 56.Kg2 Qe5 57.Qh3+ Kg7
58.Qf3 Kh6 59.Ba2 Qe1 60.Qh3+ Kg7 61.Qe3 b1=Q 62.Bxb1  1-0

[Event "WSB Masters GM"]
[Site "Wroclaw POL"]
[Date "2010.12.29"]
[Round "4"]
[White "Grabarczyk,M"]
[Black "Talla,V"]
[Result "1/2-1/2"]
[WhiteElo "2438"]
[BlackElo "2452"]

1.d4 Nf6 2.c4 g6 3.Nf3 Bg7 4.g3 O-O 5.Bg2 d6 6.Nc3 Nc6 7.O-O a6 8.Bf4 Rb8
9.Rc1 Bd7 10.Nd5 Nh5 11.Bg5 h6 12.Bd2 e6 13.Nb4 Nxb4 14.Bxb4 b6 15.e4 c5
16.Bc3 Qc7 17.e5 cxd4 18.Qxd4 dxe5 19.Nxe5 Rfd8 20.Qe3 Nf6 21.Rfd1 Be8 22.b4 Rxd1+
23.Rxd1 Ba4 24.Rd3 Rd8 25.Rxd8+ Qxd8 26.Bf3 Bd1 27.Kg2 b5 28.Nc6 Bxf3+ 29.Qxf3 Qe8
30.Bxf6 Bxf6 31.c5  1/2-1/2

[Event "Rilton Cup 2010-11"]
[Site "Stockholm SWE"]
[Date "2010.12.30"]
[Round "4"]
[White "Wihlborn,B"]
[Black "Forsberg,V"]
[Result "0-1"]
[WhiteElo "1895"]
[BlackElo "2255"]

1.Nf3 d6 2.d4 Nf6 3.c4 g6 4.g3 Bg7 5.Bg2 O-O 6.O-O c6 7.b3 Qa5 8.Bb2 Qh5
9.Re1 Bh3 10.Bh1 Ng4 11.Nbd2 Nd7 12.e3 f5 13.Nf1 Rad8 14.Qc2 e5 15.Ba3 e4
16.N3d2 Ndf6 17.f3 exf3 18.Bxf3 Rfe8 19.Rad1 Bh6 20.Qd3 Ne4 21.Re2 Nxd2 22.Qxd2 Bg5
23.Bg2 Rd7 24.Rde1 Nf6 25.Bc1 Bg4 26.Rf2 Ne4 27.Bxe4 fxe4 28.Qa5 Bxe3  0-1

[Event "Rilton Cup 2010-11"]
[Site "Stockholm SWE"]
[Date "2010.12.31"]
[Round "5"]
[White "Olander,A"]
[Black "Jansson,A"]
[Result "1/2-1/2"]
[WhiteElo "1990"]
[BlackElo "2171"]

1.d4 Nf6 2.c4 g6 3.g3 Bg7 4.Bg2 O-O 5.Nf3 d6 6.Nc3 Nbd7 7.O-O e5 8.e4 c6
9.h3 Qb6 10.Re1 Re8  1/2-1/2

[Event "Australian Open"]
[Site "Cammeray AUS"]
[Date "2011.01.04"]
[Round "3.11"]
[White "Rout,I"]
[Black "Berezina,I"]
[Result "1/2-1/2"]
[WhiteElo "1983"]
[BlackElo "2238"]

1.d4 Nf6 2.c4 g6 3.g3 Bg7 4.Bg2 d6 5.Nf3 O-O 6.O-O Nc6 7.Nc3 Bf5 8.d5 Na5
9.Nd2 c5 10.e4 Bd7 11.Qc2 a6 12.b3 e5 13.Bb2 Bh6 14.Ne2 Ne8 15.Bc3 b6 16.f4 f6
17.Nf3 Nb7 18.Ne1 Qe7 19.Nd3 Rc8 20.Kh1 Nd8 21.Ng1 Ng7 22.Bd2 Nf7 23.Rae1 b5
24.Bh3 Bxh3 25.Nxh3 Nh5 26.Nhf2 Qd7 27.Qd1 exf4 28.gxf4 bxc4  1/2-1/2

[Event "1st HDBank Cup"]
[Site "Ho Chi Minh City VIE"]
[Date "2011.01.06"]
[Round "5.4"]
[White "Wen Yang"]
[Black "Zhao Jun"]
[Result "1/2-1/2"]
[WhiteElo "2509"]
[BlackElo "2599"]

1.d4 Nf6 2.c4 g6 3.g3 Bg7 4.Bg2 O-O 5.Nf3 d6 6.O-O Nc6 7.Nc3 a6 8.Bf4 Ng4
9.d5 Nce5 10.Qb3 Nxf3+ 11.exf3 Nh6 12.Ne2 e5 13.dxe6 Bxe6 14.Bxh6 Bxh6 15.Nd4 Bc8
16.Rfe1 Bg7 17.Rad1 c6 18.Rd2 Qa5 19.Red1  1/2-1/2

[Event "Australian Open"]
[Site "Cammeray AUS"]
[Date "2011.01.10"]
[Round "8.3"]
[White "Nakauchi,G"]
[Black "Smirnov,Vl1"]
[Result "0-1"]
[WhiteElo "2149"]
[BlackElo "2382"]

1.d4 Nf6 2.c4 g6 3.g3 Bg7 4.Bg2 O-O 5.Nf3 d6 6.O-O Nbd7 7.Nc3 e5 8.h3 a6
9.Re1 Rb8 10.a4 exd4 11.Nxd4 Ne5 12.b3 Bd7 13.Rb1 Re8 14.e4 Nc6 15.Be3 Qc8
16.Kh2 Nxd4 17.Bxd4 c5 18.Be3 Ng4+ 19.hxg4 Bxc3 20.Rh1 Bxg4 21.Qxd6 b6 22.Bf4 Rb7
23.e5 Rd7 24.Qf6 Qd8 25.Qxd8 Rdxd8 26.Bc6 Bd7 27.Bd5 Bxe5 28.Bg5 Rb8 29.Rbe1 Kg7
30.Kg2 h5 31.Rh4 Bc3 32.Rxe8 Rxe8 33.Re4 f6 34.Bf4 Rxe4 35.Bxe4 Be5 36.Be3 a5
37.f4 Bc3 38.Kf2 Bg4 39.Bc2 Kf7 40.Kg2 Be1 41.Bc1 Ke6 42.Be3 Bc3 43.Bc1 Bd4
44.Bd2 Bf5 45.Bd1 Be4+ 46.Kh3 Bb1 47.g4 hxg4+ 48.Bxg4+ Kf7 49.Bd1 Bf5+ 50.Kg3 Kg7
51.Bc1 Kh6 52.Bd2 g5 53.Bc1 Kg6 54.Kf3 Bd3 55.Kg4 f5+ 56.Kg3 Bf6 57.Bd2 Be7
58.Be3 Bd8 59.Kf2 Bc7 60.fxg5 f4 61.Bd2 Be5 62.Kg2 Be4+ 63.Kf2 Kxg5 64.Kf1 Bd4
65.Ke1 Bd3 66.Bc1 Kf5 67.Bd2 Be4 68.Bc1 f3 69.Bh6 Kg4 70.Bf8 Kf4 71.Bh6+ Kg3
72.Bxf3 Kxf3 73.Kd2 Be5 74.Bf8 Bf4+ 75.Kc3 Ke3 76.Bg7 Bf3 77.Kc2 Ke4 78.Bf6 Bc7
79.Bg5 Kf5 80.Be7 Be4+ 81.Kb2 Kf4 82.Kc3 Ke3 83.Bf6 Ke2 84.Kb2 Kd1 85.Bg7 Bf4
86.Bf6 Be3 87.Bd8 Bd4+ 88.Ka2 Kc1 89.Bg5+ Kc2 90.Bd8 Kc3 91.Bxb6 Kb4 92.Bd8 Bc2
93.Bh4 Bxb3+ 94.Kb1 Bxc4 95.Be1+ Bc3 96.Bf2 Bb3 97.Be3 Bxa4 98.Bg5 Bb3 99.Bc1 Be6
100.Kc2 Bf5+ 101.Kd1 a4 102.Ke2 a3 103.Bxa3+ Kxa3 104.Ke3 c4 105.Ke2 Kb2
106.Ke3 Be5 107.Ke2 c3 108.Ke3 c2 109.Ke2 c1=N+ 110.Kd2 Nb3+ 111.Ke3 Be4
112.Kxe4 Bg7 113.Kd5 Kc3 114.Ke4 Kc4 115.Ke3 Nc5 116.Kf4 Kd5 117.Kf3 Be5
118.Ke3 Bd6 119.Kf3 Kd4 120.Kf2 Ke4 121.Kg2 Nd3 122.Kg1 Kf3 123.Kh1 Nf2+
124.Kg1 Bf4 125.Kf1 Bh2 126.Ke1 Ne4 127.Kd1 Ke3 128.Kc2 Nd2 129.Kc3 Bd6 130.Kc2 Be5
131.Kd1 Kd3 132.Ke1 Bd4 133.Kd1 Bf2 134.Kc1 Nc4 135.Kd1 Nb2+ 136.Kc1 Kc3
137.Kb1 Kb3 138.Kc1 Be3+ 139.Kb1 Nc4 140.Ka1 Bh6 141.Kb1 Na3+ 142.Ka1 Bg7+  0-1